| 000 | 00000nam##2200000za#4500 |
| 001 | 9.643127 |
| 003 | CaOODSP |
| 005 | 20210624224026 |
| 007 | cr ||||||||||| |
| 008 | 150407|2002||||xxc|||||o f|0| 0 fre|d |
| 040 | |aCaOODSP|bfre |
| 043 | |an-cn--- |
| 086 | 1 |aEn40-495/2-2003F-PDF |
| 110 | 1 |aCanada. |bEnvironnement Canada. |bService de la protection de l'environnement. |
| 245 | 10|aGuide supplémentaire de déclaration des principaux contaminants atmosphériques (PCA) à l'Inventaire national des rejets de polluants / |h[ressource électronique]|cpréparé par Christa Seaman, Michelle Raizenne, Mahesh Kashyap, David Niemi, Art Beckett, et Alison Kennedy. |
| 260 | |aHull - Québec : |bEnvironnement Canada. |c2002. |
| 300 | |a90p.|bfigures, glossaire, tableaux |
| 500 | |aLe n° de catalogue (En40-495/2-2003F) et l'ISBN (0-662-88628-3) de l'édition imprimée ont été incorrectement copiés dans l'édition électronique. « Loi canadienne sur la protection de l'environnement (1999) »--Couverture. |
| 590 | |a14-21-Supp|b2014-12-11 |
| 691 | 07|aPolluant|2gcpds |
| 775 | 08|tSupplementary guide for reporting criteria air contaminants (CACs) to the National Pollutant Release Inventory / |w(CaOODSP)9.699149 |
| 856 | 40|ahttp://publications.gc.ca|qPDF|s374 Ko|uhttps://publications.gc.ca/collections/collection_2014/ec/En40-495-2-2003-fra.pdf |
| 986 | |aEPSM-487 |